000 01107cam a2200313 a 4500
999 _c20556
_d20556
001 207115
003 OSt
005 20170120102200.0
008 990330s2000 maua b 001 0 eng
010 _a 99071908
020 _a0395961270 (pbk.)
040 _aDLC
_cDLC
_dDLC
043 _an-us---
050 0 0 _aLC3981 Y77 2000
082 0 0 _a371.9/0973
_221
100 1 _aYsseldyke, James E.
_d2000
245 1 0 _aCritical issues in special education /
_cJames E. Yesseldyke, Bob Algozzine, Martha Thurlow.
250 _a3rd ed.
260 _aBoston :
_bHoughton Mifflin,
_c2000.
300 _axviii, 482 p. ;
_bill. ;
_c24 cm.
500 _aIncludes bibliographical references and indexes.
650 0 _aSpecial education
_zUnited States
_xEvaluation.
650 0 _aRemedial teaching
_zUnited States
_xEvaluation.
700 1 _aAlgozzine, Robert.
700 1 _aThurlow, Martha L.
906 _a7
_bcbc
_corignew
_d2
_eopcn
_f19
_gy-gencatlg
942 _2lcc
_cBOOKS
_hLC3981 Y77 2000
_k30396